000 01172cam a2200325 i 4500
001 17256772
003 EG-ScBUE
005 20260124102300.0
008 120416t2012 nyua f b 001 0 eng d
020 _a9781617798696 (alk. paper)
040 _aBTCTA
_beng
_erda
_cBTCTA
_dUKMGB
_dSCB
_dWLU
_dBWX
_dYDXCP
_dGZM
_dCOU
_dDLC
_dEG-ScBUE
082 0 4 _a572.8629
_222
_bDAT
245 0 0 _aData production and analysis in population genomics :
_bmethods and protocols /
_cedited by François Pompanon and Aurélie Bonin.
264 1 _aNew York :
_bHumana Press / Springer,
_c[2012]
264 4 _cc2012
300 _axi, 337 pages :
_billustrations ;
_c27 cm.
336 _2rdacontent
_atext
_btxt
337 _aunmediated
_2rdamedia
_bn
338 _avolume
_bnc
_2rdacarrier
490 0 _aMethods in molecular biology ;
_v888
490 0 _aSpringer protocols
504 _aIncludes bibliographical references and index.
650 7 _aMetagenomics
_vLaboratory manuals.
_2BUEsh
_939562
651 _2BUEsh
653 _bPPhrm
_cMarch2016
655 _vReading book
700 1 _a Pompanon, François,
_d1966-
_eeditor.
700 1 _aBonin, Aurélie,
_eeditor.
942 _2ddc
_cBB
999 _c21423
_d21395